Komplexný podnik cestovného ruchu v trnavskom regióne bakalárska práca

Enregistré dans:
Détails bibliographiques
Auteur principal: Kičinová, Klaudia
Collectivité auteur: Obchodná fakulta EU. Katedra služieb a cestovného ruchu - zrušené
Autres auteurs: Pachingerová, Mária
Format: Livre
Langue:slovaque
Publié: Bratislava 2009
Tags: Ajouter un tag
Pas de tags, Soyez le premier à ajouter un tag!

MARC

LEADER 00000nam$a2200000$$$4500
001 0102639
005 20240318140148.7
041 0 |a slo 
044 |a SK 
245 1 0 |a Komplexný podnik cestovného ruchu v trnavskom regióne  |b bakalárska práca  |c Klaudia Kičinová ; škol. Mária Pachingerová 
264 1 |a Bratislava  |c 2009 
300 |a 51 s. 
100 1 |a Kičinová, Klaudia 
700 1 |a Pachingerová, Mária 
710 2 |a Obchodná fakulta EU. Katedra služieb a cestovného ruchu - zrušené